000 00881nam a2200253Ia 4500
003 OSt
005 20221005112129.0
006 a|||||r|||| 00| 0
007 ta
008 221004b |||||||| |||| 00| 0 pan d
020 _a8190267108
_c160
024 _a114341
037 _b606, 17/02/2012, H.K. Prakashan
_cTextual
040 _aCRL
_cCRL
_bpan
041 _2pan
_apan
082 _aO153:g, P6
100 _aਸਿੰਘ, ਜਗਦੀਪ
245 0 _aਪਰਵਾਸੀ ਪੰਜਾਬੀ ਸਾਹਿਤ
_b ਪੁਨਰ ਸੰਵਾਦ
260 _aਅੰਮ੍ਰਿਤਸਰ
_bਅਲਕਾ ਸਾਹਿਤ ਸਦਨ ਭਾਰਤ
_c2006
300 _a160ਪੰ
_ccm.
650 _aਪੰਜਾਬੀ ਸਾਹਿਤ
942 _hO153:g, P6
_cTEXL
_2cc
999 _c1023910
_d1023910